[Event "Valle Region-ch U18 Girls"]
[Site "Cali"]
[Date "2009.11.??"]
[Round "5.1"]
[White "Chavez, Diana Maria"]
[Black "Vargas, Dayana"]
[Result "1-0"]
[WhiteElo "1848"]
[BlackElo "1600"]
[PlyCount "53"]
[EventDate "2009.11.14"]
[EventType "tourn"]
[EventRounds "5"]
[EventCountry "COL"]
[SourceTitle "EXT 2024"]
[Source "ChessBase"]
[SourceDate "2023.10.10"]
[SourceVersion "1"]
[SourceVersionDate "2023.10.10"]
[SourceQuality "1"]

1. d4 d5 2. Nf3 Nf6 3. c4 e6 4. Nc3 Bb4 5. a3 Bxc3+ 6. bxc3 c6 7. Bg5 h6 8. Bh4 g5 9. Bg3 Nbd7 10. e3 Nb6 11. c5 Nc4 12. Bxc4 dxc4 13. Qc2 Qe7 14. Ne5 Bd7 15. Nxc4 Nh5 16. Bd6 Qd8 17. Ne5 Qf6 18. Nxd7 Qg6 19. Ne5 Qxc2 20. 0-0 Qxc3 21. Rab1 Rb8 22. Bxb8 Qa5 23. Bd6 b6 24. Nxc6 Qxa3 25. Ne5 Nf6 26. Ra1 Qc3 27. Rxa7 1-0